[Event "Festival INPS"]
[Site "Roma ITA"]
[Date "1996.??.??"]
[Round "4"]
[White "Vannelli, Vittorio"]
[Black "Proietti, Giorgio"]
[Result "1-0"]
[WhiteElo "1633"]
[BlackElo "1717"]
[PlyCount "139"]
[EventDate "1996.??.??"]

1. d4 d5 2. c4 e6 3. Nc3 c6 4. Nf3 Nf6 5. Bg5 dxc4 6. e4 b5 7. e5 h6 8. Bh4 g5
9. Nxg5 hxg5 10. Bxg5 Nbd7 11. Bxf6 Nxf6 12. exf6 Qxf6 13. g3 Bb7 14. Bg2 O-O-O
15. O-O Rxd4 16. Qe2 Qh6 17. h3 a6 18. Qf3 Rd7 19. Rad1 Rxd1 20. Rxd1 f5 21. a4
Rh7 22. Qe2 Bb4 23. axb5 axb5 24. Qe5 Ba5 25. Rd4 Bc7 26. Qc5 Qf6 27. Nxb5 cxb5
28. Bxb7+ Kxb7 29. Qxb5+ Bb6 30. Rd6 Kc8 31. Rxb6 Kd8 32. Rb8+ Ke7 33. Qe8+ Kd6
34. Rd8+ Kc7 35. Rc8+ Kd6 36. Qc6+ Ke5 37. Qc5+ Ke4 38. Qxc4+ Qd4 39. Qc2+ Ke5
40. Rc5+ Kf6 41. Rc4 Qe5 42. Kg2 Qd5+ 43. f3 Rd7 44. Qc3+ Kg6 45. Qc2 Qd2+ 46.
Kf1 Qe3 47. Rc3 Qd4 48. g4 Qd1+ 49. Qxd1 Rxd1+ 50. Ke2 Rh1 51. b4 Rxh3 52.
gxf5+ exf5 53. Rb3 Rh7 54. b5 Kf6 55. b6 Rb7 56. Ke3 Ke6 57. Kd4 Kd6 58. f4 Rb8
59. b7 Kc7 60. Ke5 Re8+ 61. Kxf5 Kb8 62. Kg6 Re4 63. f5 Rg4+ 64. Kf7 Rf4 65.
Rb5 Rf1 66. Ke6 Re1+ 67. Kf7 Rf1 68. f6 Re1 69. Rb6 Re2 70. Re6 1-0

[Event "Festival INPS"]
[Site "Roma ITA"]
[Date "1996.??.??"]
[Round "4"]
[White "Verrascina, Nicola"]
[Black "Picardi, Angelo"]
[Result "1/2-1/2"]
[WhiteElo "2090"]
[BlackElo "2120"]
[PlyCount "22"]
[EventDate "1996.??.??"]

1. e4 e6 2. d3 d5 3. Nd2 Nf6 4. Ngf3 c5 5. g3 Nc6 6. Bg2 Be7 7. O-O O-O 8. Re1
b5 9. e5 Nd7 10. Nf1 b4 11. h4 a5 1/2-1/2

[Event "Festival INPS"]
[Site "Roma ITA"]
[Date "1996.??.??"]
[Round "4"]
[White "Wyss, Walter"]
[Black "Marzano, Carlo"]
[Result "0-1"]
[WhiteElo "2215"]
[BlackElo "2160"]
[PlyCount "94"]
[EventDate "1996.??.??"]

1. e4 e6 2. d4 d5 3. Nc3 Nf6 4. exd5 exd5 5. Bf4 Bd6 6. Qd2 O-O 7. O-O-O Re8 8.
Bd3 c6 9. Nge2 Bxf4 10. Qxf4 Nbd7 11. g4 Nf8 12. f3 b5 13. g5 N6d7 14. h4 Nb6
15. Ng3 Nc4 16. h5 Ne6 17. Bxh7+ Kf8 18. Qh4 Qxg5+ 19. Qxg5 Nxg5 20. Bd3 Ne3
21. Rd2 Nxf3 22. h6 gxh6 23. Rf2 Nxd4 24. Rxh6 Ng4 25. Rh8+ Ke7 26. Rxe8+ Kxe8
27. Rf1 Be6 28. Rf4 b4 29. Nxd5 cxd5 30. Rxd4 a5 31. Kd2 Ne5 32. Be2 Ke7 33. b3
Rg8 34. Nf1 Rg1 35. Ke3 Kd6 36. Kf2 Rg5 37. Nd2 Kc5 38. Rf4 Rf5 39. Ke3 Rxf4
40. Kxf4 Nc6 41. Nf3 Nd4 42. Nxd4 Kxd4 43. Bd3 Bh3 44. Kg3 Bd7 45. Kf2 a4 46.
Ke2 Kc3 47. Kd1 a3 0-1

[Event "Festival INPS"]
[Site "Roma ITA"]
[Date "1996.??.??"]
[Round "5"]
[White "Attanasi, Salvatore"]
[Black "Marino, Giovanni"]
[Result "1-0"]
[WhiteElo "1741"]
[BlackElo "1869"]
[PlyCount "29"]
[EventDate "1996.??.??"]

1. e4 c5 2. d4 cxd4 3. c3 dxc3 4. Nxc3 d6 5. Nf3 Nf6 6. Bc4 Nc6 7. O-O e6 8.
Qe2 Be7 9. Rd1 Bd7 10. Bf4 e5 11. Bg5 a6 12. Rac1 Na5 13. Bxf6 Nxc4 14. Bxe7
Qxe7 15. Nd5 1-0

[Event "Festival INPS"]
[Site "Roma ITA"]
[Date "1996.??.??"]
[Round "5"]
[White "Buffoni, Luca"]
[Black "Cattarinich, Benedetto"]
[Result "1/2-1/2"]
[WhiteElo "1708"]
[BlackElo "1759"]
[PlyCount "92"]
[EventDate "1996.??.??"]

1. e4 c5 2. Nf3 e6 3. d4 cxd4 4. Nxd4 Nf6 5. Nc3 Nc6 6. Nxc6 bxc6 7. e5 Nd5 8.
Nxd5 cxd5 9. Be2 Qc7 10. Bf4 f6 11. Bd3 g6 12. Qe2 Bb4+ 13. Kf1 O-O 14. Bh6 Rf7
15. exf6 Rxf6 16. h4 Bc5 17. Be3 Bb7 18. Bxc5 Qxc5 19. Ke1 e5 20. h5 e4 21. Bb5
Raf8 22. Rf1 d4 23. Qc4+ Qxc4 24. Bxc4+ d5 25. Be2 gxh5 26. Rd1 Rc8 27. Rxd4
Rxc2 28. Rb4 Rb6 29. Rxb6 axb6 30. Bxh5 Rxb2 31. a4 Bc6 32. Bd1 Ra2 33. Bb3 Rb2
34. Bd1 b5 35. axb5 Bxb5 36. Rh1 Kg7 37. Rh4 Bd3 38. Rf4 Bb5 39. g3 Bd3 40. Bg4
Bc4 41. Kd1 h6 42. Bh5 Bb3+ 43. Ke1 Rb1+ 44. Kd2 Bc4 45. Rf7+ Kg8 46. Rf4 Kg7
1/2-1/2

[Event "Festival INPS"]
[Site "Roma ITA"]
[Date "1996.??.??"]
[Round "5"]
[White "Capretti, Giovanni"]
[Black "Scacco, Mauro"]
[Result "1/2-1/2"]
[WhiteElo "1836"]
[BlackElo "2055"]
[PlyCount "78"]
[EventDate "1996.??.??"]

1. e4 e5 2. f4 exf4 3. Nc3 Nc6 4. d4 g5 5. h4 Bg7 6. d5 Ne5 7. Nf3 h6 8. hxg5
hxg5 9. Rxh8 Bxh8 10. Nxe5 Bxe5 11. Qh5 Qf6 12. Bd2 Qh6 13. Qxh6 Nxh6 14. Be2
d6 15. Nb5 Kd8 16. O-O-O Bg4 17. Bxg4 Nxg4 18. g3 Ne3 19. Re1 a6 20. Nc3 Ke7
21. gxf4 gxf4 22. Bxe3 fxe3 23. Nd1 Rh8 24. Nxe3 Bf4 25. Kd2 Rh3 26. c3 Kf6 27.
Re2 Ke5 28. Kd3 Bg5 29. c4 c6 30. dxc6 bxc6 31. b4 d5 32. cxd5 cxd5 33. exd5 f5
34. d6 Kxd6 35. Kd4 Bxe3+ 36. Rxe3 Rxe3 37. Kxe3 Kd5 38. a4 Kc4 39. b5 axb5
1/2-1/2

[Event "Festival INPS"]
[Site "Roma ITA"]
[Date "1996.??.??"]
[Round "5"]
[White "Ciotoli, Patrizio"]
[Black "Colombo, Paolo"]
[Result "0-1"]
[WhiteElo "2010"]
[BlackElo "2170"]
[PlyCount "116"]
[EventDate "1996.??.??"]

1. e4 e6 2. Nc3 c5 3. f4 g6 4. Nf3 a6 5. Be2 Bg7 6. O-O Ne7 7. d3 O-O 8. Qe1 f5
9. h4 Nbc6 10. h5 Nd4 11. hxg6 Nxg6 12. Bd1 b5 13. Qg3 Bb7 14. e5 Bxf3 15. Bxf3
Nxc2 16. Bxa8 Nxa1 17. Bf3 Nc2 18. Qf2 Nd4 19. Be3 Nxf3+ 20. Qxf3 Qc7 21. Qf2
Rc8 22. a4 b4 23. Ne2 d6 24. Rc1 Bf8 25. d4 c4 26. Rc2 Be7 27. g3 d5 28. b3 Qd7
29. Nc1 Bd8 30. Qe2 a5 31. Qd2 Be7 32. Qe2 Kf7 33. bxc4 Qxa4 34. c5 b3 35. Rb2
Rb8 36. Qh5 Kg7 37. Qd1 Qa1 38. Rxb3 Rxb3 39. Qxb3 a4 40. Qa2 Qc3 41. Qd2 Qc4
42. Qa2 Bd8 43. Kf2 Ne7 44. Qb2 Ba5 45. Qe2 Kg6 46. Qxc4 dxc4 47. Na2 Nc6 48.
Ke2 Kf7 49. Kd1 Ke7 50. Bd2 Bxd2 51. Kxd2 Nxd4 52. Kc3 Ne2+ 53. Kxc4 Nxg3 54.
c6 Kd8 55. Kb5 Ke7 56. Nb4 a3 57. Nd5+ exd5 58. e6 Ne4 0-1

[Event "Festival INPS"]
[Site "Roma ITA"]
[Date "1996.??.??"]
[Round "5"]
[White "De Vita, Igor"]
[Black "Galeno, Giorgio"]
[Result "1-0"]
[WhiteElo "2150"]
[BlackElo "1680"]
[PlyCount "79"]
[EventDate "1996.??.??"]

1. e4 d6 2. d4 Nf6 3. Nc3 g6 4. Bc4 Bg7 5. Qe2 O-O 6. Nf3 c6 7. Bb3 Nbd7 8. e5
dxe5 9. dxe5 Ng4 10. e6 Nde5 11. Nxe5 Nxe5 12. f4 fxe6 13. O-O Nf7 14. Bxe6
Bxe6 15. Qxe6 Qd6 16. Re1 Rfe8 17. Re2 Qxe6 18. Rxe6 Nd8 19. Re2 e5 20. Bd2 Ne6
21. fxe5 Nd4 22. Re4 Bxe5 23. Rae1 Nxc2 24. Rxe5 Nxe1 25. Rxe1 Rxe1+ 26. Bxe1
b5 27. Kf2 a5 28. Ne4 b4 29. Nc5 Rd8 30. Ke2 Rd5 31. Bf2 Kf7 32. a3 bxa3 33.
bxa3 Ke7 34. Ne4 Ke6 35. h4 Kf5 36. Nc3 Rd7 37. Bb6 Kg4 38. Bxa5 Kxh4 39. Ne4
c5 40. Be1+ 1-0

[Event "Festival INPS"]
[Site "Roma ITA"]
[Date "1996.??.??"]
[Round "5"]
[White "Farina, Saverio"]
[Black "Bono, Leonardo"]
[Result "1-0"]
[WhiteElo "2170"]
[BlackElo "1753"]
[PlyCount "77"]
[EventDate "1996.??.??"]

1. d4 g6 2. c4 Bg7 3. Nc3 d6 4. e4 Nc6 5. d5 Nd4 6. Be3 c5 7. Nge2 Qb6 8. Na4
Qa5+ 9. Bd2 Qc7 10. Bc3 Bd7 11. Nxd4 cxd4 12. Bxd4 Nf6 13. Nc3 O-O 14. Bd3 e5
15. Be3 Ng4 16. Qe2 f5 17. f3 Nxe3 18. Qxe3 a6 19. O-O Rae8 20. b4 Rf6 21. Rac1
h5 22. Rc2 h4 23. c5 h3 24. cxd6 Qxd6 25. Qc5 Bh6 26. Qxd6 Be3+ 27. Kh1 Rxd6
28. b5 a5 29. Nd1 Bb6 30. Nb2 Bd4 31. Nc4 Bxb5 32. Nxd6 Bxd3 33. Rfc1 Rd8 34.
Rc8 hxg2+ 35. Kxg2 Rxc8 36. Rxc8+ Kg7 37. Rc7+ Kf6 38. h4 fxe4 39. Rf7# 1-0

[Event "Festival INPS"]
[Site "Roma ITA"]
[Date "1996.??.??"]
[Round "5"]
[White "Giangregorio, Pasquale"]
[Black "Michelena, Rodolfo"]
[Result "0-1"]
[WhiteElo "1767"]
[BlackElo "1810"]
[PlyCount "114"]
[EventDate "1996.??.??"]

1. c4 e5 2. Nc3 Nc6 3. g3 g6 4. Bg2 Bg7 5. e4 Nge7 6. Nge2 d6 7. O-O O-O 8. h3
f5 9. d3 h6 10. Be3 Bd7 11. Qd2 Kh7 12. Rab1 a5 13. f4 Qc8 14. Kh2 Rb8 15. a3
Nd4 16. b4 axb4 17. axb4 Ra8 18. Nd5 Nxd5 19. cxd5 Ra3 20. fxe5 dxe5 21. Nxd4
exd4 22. Bg1 Bb5 23. Rf3 Be5 24. Re1 f4 25. gxf4 Rxf4 26. Rxf4 g5 27. Kh1 Bxf4
28. Qc2 Rc3 29. Qd1 Rxd3 30. Qh5 Be8 31. Qe2 Rd2 32. Qf3 Bb5 33. e5 Qf5 34. Qh5
Rxg2 35. Kxg2 Bxe5 36. Bh2 Qc2+ 37. Kf3 Qxh2 38. Qf7+ Bg7 39. Re7 Qxh3+ 40. Kf2
Qh2+ 41. Ke1 Qg3+ 42. Kd2 Qc3+ 43. Kd1 Ba4+ 44. Ke2 d3+ 45. Kf2 Qd4+ 46. Kg2 d2
47. Qf5+ Kg8 48. Qc8+ Bf8 49. Qe6+ Kh8 50. Rf7 Bg7 51. Qc8+ Kh7 52. Qf5+ Kg8
53. Rxc7 Qe5 54. Rc8+ Be8 55. Qxe5 Bxe5 56. Rxe8+ Kf7 57. Rxe5 d1=Q 0-1

[Event "Festival INPS"]
[Site "Roma ITA"]
[Date "1996.??.??"]
[Round "5"]
[White "Ianniello, Riccardo"]
[Black "Pezzaldi, Roberto"]
[Result "1/2-1/2"]
[WhiteElo "2330"]
[BlackElo "2013"]
[PlyCount "135"]
[EventDate "1996.??.??"]

1. e4 e6 2. Nf3 d5 3. e5 c5 4. c3 Nc6 5. Bb5 Bd7 6. a4 f6 7. d4 cxd4 8. Bxc6
bxc6 9. cxd4 fxe5 10. Nxe5 Nf6 11. O-O Bd6 12. Bf4 Qe7 13. Nd2 O-O 14. Rc1 c5
15. dxc5 Bxc5 16. Bg5 Bd6 17. Nxd7 Qxd7 18. Qe2 Rac8 19. Rxc8 Rxc8 20. Bxf6
gxf6 21. Qg4+ Kh8 22. Re1 Be5 23. g3 f5 24. Qe2 Bxb2 25. Qxe6 Qxe6 26. Rxe6 Kg8
27. Rd6 d4 28. Nf3 Rc3 29. Nxd4 f4 30. Ne2 Rc4 31. Nxf4 Rxa4 32. Nd3 Ra1+ 33.
Kg2 Bc3 34. f4 a5 35. Rc6 Bd4 36. Rc4 Ra2+ 37. Kf3 Bg1 38. f5 Rxh2 39. Rc8+ Kg7
40. Ra8 Bb6 41. Nf4 Rd2 42. Ra6 Rd6 43. g4 Kf7 44. Ke4 Rd4+ 45. Ke5 Rb4 46. Nd5
Bd4+ 47. Kd6 Rb8 48. Rxa5 Rg8 49. Rb5 Rxg4 50. Rb7+ Kf8 51. Rxh7 Rg7 52. Rh4
Bb2 53. Ra4 Rf7 54. Ke6 Rb7 55. f6 Bxf6 56. Kxf6 Ke8 57. Ke6 Kf8 58. Rg4 Ra7
59. Nf6 Ra6+ 60. Kf5 Kf7 61. Nd7 Ra5+ 62. Ne5+ Ke7 63. Rd4 Ra6 64. Rd7+ Ke8 65.
Rd5 Rb6 66. Nd7 Rb7 67. Ke6 Ra7 68. Rd6 1/2-1/2

[Event "Festival INPS"]
[Site "Roma ITA"]
[Date "1996.??.??"]
[Round "5"]
[White "Lantini, Marco"]
[Black "Laudati, Adriano"]
[Result "0-1"]
[WhiteElo "2220"]
[BlackElo "1870"]
[PlyCount "62"]
[EventDate "1996.??.??"]

1. e4 c5 2. Nf3 Nc6 3. Nc3 g6 4. d4 cxd4 5. Nxd4 Bg7 6. Be3 Nf6 7. Be2 O-O 8.
O-O d5 9. exd5 Nxd5 10. Nxd5 Qxd5 11. Bf3 Qd8 12. Nxc6 bxc6 13. Bxc6 Rb8 14. b3
Bxa1 15. Qxa1 f6 16. Bxa7 Rb4 17. c4 Qd6 18. Bf3 Bb7 19. c5 Qa6 20. Qe1 Rf4 21.
c6 Bxc6 22. Qe6+ Kg7 23. Be3 Rxf3 24. gxf3 Qb7 25. Rd1 g5 26. a4 Rb8 27. a5
Qxb3 28. Qxe7+ Kg6 29. Rd6 Qc3 30. Qc7 Rb1+ 31. Kg2 Bxf3+ 0-1

[Event "Festival INPS"]
[Site "Roma ITA"]
[Date "1996.??.??"]
[Round "5"]
[White "Messina, Enrico"]
[Black "Perretta, Maurizio"]
[Result "1-0"]
[WhiteElo "2057"]
[BlackElo "2007"]
[PlyCount "83"]
[EventDate "1996.??.??"]

1. e4 e5 2. Nf3 Nf6 3. Nxe5 d6 4. Nf3 Nxe4 5. Nc3 Nxc3 6. dxc3 Nc6 7. Be3 Be7
8. Qd2 Bf5 9. O-O-O Qd7 10. Nd4 Bg6 11. Be2 O-O-O 12. Bb5 Bf6 13. Nxc6 bxc6 14.
Ba6+ Kb8 15. c4 c5 16. Qa5 Qc6 17. Rhe1 Qb6 18. Qxb6+ axb6 19. Bb5 Kb7 20. Ba4
Ra8 21. Bb3 Be4 22. f3 Bc6 23. c3 Bh4 24. g3 Bf6 25. f4 Bf3 26. Rd3 Bg4 27. Bd2
h5 28. h4 Be6 29. Rde3 b5 30. cxb5 c4 31. Bc2 Rxa2 32. Be4+ d5 33. f5 Bd7 34.
Bxd5+ Kb6 35. Bxc4 Ra1+ 36. Kc2 Bxf5+ 37. Kb3 Rxe1 38. Rxe1 Bg6 39. Be3+ Kb7
40. Bd5+ Kc8 41. Bc6 Kd8 42. Bc5 1-0

[Event "Festival INPS"]
[Site "Roma ITA"]
[Date "1996.??.??"]
[Round "5"]
[White "Nurkic, Sahbaz"]
[Black "Chiusano, Raimondo"]
[Result "1-0"]
[WhiteElo "2365"]
[BlackElo "2034"]
[PlyCount "117"]
[EventDate "1996.??.??"]

1. e4 e6 2. d4 d5 3. Nd2 Nf6 4. e5 Nfd7 5. Bd3 c5 6. c3 Nc6 7. Ne2 cxd4 8. cxd4
f6 9. exf6 Qxf6 10. O-O Bd6 11. Nf3 h6 12. Bc2 O-O 13. Qd3 Rd8 14. Bd2 Nf8 15.
Bc3 Bd7 16. a3 Be8 17. Qe3 Bg6 18. Ba4 Nd7 19. Bxc6 bxc6 20. Ne5 Bxe5 21. dxe5
Qf7 22. b4 Nb6 23. Nd4 Rdc8 24. Qh3 Bf5 25. g4 Qg6 26. f3 c5 27. Ne2 cxb4 28.
Bxb4 Bd3 29. Nf4 Bxf1 30. Rxf1 Qf7 31. Nh5 a5 32. Be1 Rc4 33. f4 Qg6 34. Ng3
Nd7 35. Qh4 Nc5 36. h3 Rf8 37. f5 Qg5 38. Qxg5 hxg5 39. Bxa5 Ra8 40. Bb4 Nd3
41. Bd6 Nf4 42. fxe6 Rc2 43. Nf5 Nxh3+ 44. Kh1 Nf4 45. e7 g6 46. Nd4 Rd2 47.
Nf3 Rg2 48. Nxg5 Rxg4 49. Nh3 g5 50. e6 Nxe6 51. Rf6 Rc8 52. Rxe6 Kf7 53. Re3
Re8 54. Bc5 Rh8 55. Rf3+ Ke6 56. Kh2 Rgh4 57. Kg2 g4 58. Ng5+ Kd7 59. Rf8 1-0

[Event "Festival INPS"]
[Site "Roma ITA"]
[Date "1996.??.??"]
[Round "5"]
[White "Pagano, Sergio M."]
[Black "Chiaretti, Roberto"]
[Result "0-1"]
[WhiteElo "2240"]
[BlackElo "2109"]
[PlyCount "120"]
[EventDate "1996.??.??"]

1. Nf3 Nf6 2. c4 e6 3. Nc3 d5 4. d4 Be7 5. cxd5 exd5 6. Bg5 c6 7. Qc2 O-O 8. e3
Nbd7 9. Bd3 Re8 10. O-O Nf8 11. Rab1 Ne4 12. Bxe7 Qxe7 13. b4 g5 14. b5 g4 15.
Bxe4 dxe4 16. Nd2 Qh4 17. Ncxe4 Re6 18. Qc5 Rh6 19. Qg5+ Qxg5 20. Nxg5 f5 21.
e4 Rh5 22. bxc6 bxc6 23. f4 h6 24. Ngf3 gxf3 25. e5 fxg2 26. Kxg2 Be6 27. h3
Bxa2 28. Rb2 Bd5+ 29. Kh2 Ne6 30. Rb7 a5 31. Nf3 a4 32. Ng1 a3 33. Ne2 a2 34.
Ng3 Rxh3+ 35. Kxh3 a1=Q 36. Rxa1 Rxa1 37. Nxf5 Rh1+ 38. Kg3 Rg1+ 39. Kf2 Rg2+
40. Ke3 h5 41. Ne7+ Kf8 42. Nxd5 cxd5 43. f5 Ng5 44. Rb8+ Kf7 45. Rb7+ Ke8 46.
Rb8+ Kd7 47. Rh8 Rg3+ 48. Kf4 Rg4+ 49. Ke3 h4 50. Rh6 Ke8 51. Rh5 Kf7 52. Rh6
Re4+ 53. Kd3 Rf4 54. Kc3 h3 55. e6+ Ke7 56. Kb4 Rxf5 57. Kb5 Rf6 58. Rh5 Rg6
59. Kc5 Nxe6+ 60. Kxd5 Nf4+ 0-1

[Event "Festival INPS"]
[Site "Roma ITA"]
[Date "1996.??.??"]
[Round "5"]
[White "Picardi, Angelo"]
[Black "Quimi, Marco"]
[Result "1-0"]
[WhiteElo "2120"]
[BlackElo "2225"]
[PlyCount "97"]
[EventDate "1996.??.??"]

1. e4 c5 2. d4 cxd4 3. c3 d3 4. Bxd3 Nc6 5. c4 g6 6. Nc3 Bg7 7. f4 d6 8. Nf3
Nf6 9. O-O O-O 10. Qe1 e6 11. Qh4 a6 12. Be3 Nd7 13. Qxd8 Rxd8 14. Rac1 b6 15.
Rfd1 Nc5 16. Bb1 h6 17. Rd2 Rb8 18. Rcd1 Bxc3 19. bxc3 Kf8 20. Rxd6 Rxd6 21.
Rxd6 Bb7 22. Ne5 Rd8 23. Rxd8+ Nxd8 24. Bxc5+ bxc5 25. Nd7+ Ke7 26. Nxc5 Kd6
27. Nb3 e5 28. c5+ Ke6 29. g3 Bc6 30. Bd3 f6 31. Kf2 Kd7 32. Ke3 Bb7 33. Na5
Kc7 34. Bc4 g5 35. fxg5 fxg5 36. Bd5 Bc8 37. Nc4 Nc6 38. Bxc6 Kxc6 39. Nxe5+
Kxc5 40. Kd3 Be6 41. a3 a5 42. c4 a4 43. Kc3 h5 44. h4 gxh4 45. gxh4 Bh3 46.
Nd3+ Kd6 47. Kd4 Bg4 48. c5+ Ke6 49. Nb2 1-0

[Event "Festival INPS"]
[Site "Roma ITA"]
[Date "1996.??.??"]
[Round "5"]
[White "Pienabarca, Nicola"]
[Black "Wyss, Walter"]
[Result "1-0"]
[WhiteElo "1995"]
[BlackElo "2215"]
[PlyCount "75"]
[EventDate "1996.??.??"]

1. d4 c5 2. c3 d5 3. Nf3 e6 4. Bg5 Nf6 5. e3 Be7 6. Nbd2 Qb6 7. Qb3 c4 8. Qc2
Nc6 9. b3 cxb3 10. axb3 Bd7 11. Ne5 Rc8 12. f4 a5 13. Be2 Qc7 14. c4 dxc4 15.
bxc4 Nxe5 16. fxe5 Nd5 17. Bxe7 Nxe7 18. O-O O-O 19. Qe4 Bc6 20. Qg4 Rcd8 21.
Bd3 Kh8 22. Qh5 g6 23. Qh6 Ng8 24. Qg5 a4 25. Rf4 Qe7 26. Qg3 f5 27. exf6 Rxf6
28. Raf1 Rxf4 29. Qxf4 e5 30. Qf2 e4 31. Bc2 b5 32. d5 Bd7 33. Nxe4 Bf5 34. Nc3
Bxc2 35. Qxc2 Qxe3+ 36. Kh1 Rf8 37. Rd1 Qd4 38. Nxb5 1-0

[Event "Festival INPS"]
[Site "Roma ITA"]
[Date "1996.??.??"]
[Round "5"]
[White "Proietti, Giorgio"]
[Black "Colombrini, Adolfo"]
[Result "1-0"]
[WhiteElo "1717"]
[BlackElo "1704"]
[PlyCount "125"]
[EventDate "1996.??.??"]

1. d4 Nf6 2. c4 e6 3. Nf3 c5 4. Nc3 cxd4 5. Nxd4 a6 6. e4 Nc6 7. Be3 Bb4 8. Bd3
Qc7 9. Nde2 d5 10. cxd5 exd5 11. exd5 Nxd5 12. Bd2 Be6 13. O-O O-O 14. Rc1 Qd7
15. Nxd5 Bxd2 16. Nf6+ gxf6 17. Qxd2 Ne5 18. Nf4 Bf5 19. Rc3 Nxd3 20. Nxd3 Rfd8
21. Qe3 Rac8 22. Nf4 Rxc3 23. Qxc3 Qd4 24. Qg3+ Bg6 25. h4 Kh8 26. h5 Be4 27.
Re1 Rg8 28. Qe3 Qxe3 29. Rxe3 Bc6 30. Re7 Kg7 31. g3 Kf8 32. Rc7 Rg5 33. Kf1
Rc5 34. Rc8+ Kg7 35. Ke1 Re5+ 36. Kd2 Bf3 37. Rc7 h6 38. Kc3 Bc6 39. b4 Kf8 40.
a3 Re1 41. Rc8+ Kg7 42. Rd8 Ra1 43. Kb3 Rf1 44. Rd2 Rb1+ 45. Kc2 Re1 46. Kc3
Rc1+ 47. Rc2 Rxc2+ 48. Kxc2 f5 49. Kc3 Kf6 50. Kd4 Bf3 51. Kc5 Ke5 52. Nd3+ Kf6
53. Kb6 Kg5 54. Nc5 Kg4 55. Nxb7 Be2 56. a4 Kf3 57. Nd6 Kxf2 58. Nxf5 Bd3 59.
Nxh6 f5 60. Nxf5 Bxf5 61. Kxa6 Kxg3 62. b5 Bd3 63. Ka7 1-0

[Event "Festival INPS"]
[Site "Roma ITA"]
[Date "1996.??.??"]
[Round "5"]
[White "Rossetti, Mauro"]
[Black "Ciampi, Vincenzo"]
[Result "0-1"]
[WhiteElo "1909"]
[BlackElo "2155"]
[PlyCount "106"]
[EventDate "1996.??.??"]

1. e4 c5 2. Nf3 d6 3. Bb5+ Bd7 4. Bxd7+ Qxd7 5. O-O Nc6 6. c3 Nf6 7. Re1 e6 8.
d4 cxd4 9. Nxd4 Be7 10. c4 O-O 11. Nc3 a6 12. b3 Qc7 13. Bb2 Rfd8 14. Nc2 Rac8
15. Ne3 Qa5 16. Qe2 Qg5 17. Rad1 h5 18. g3 Qg6 19. Ng2 Ne5 20. f4 Nc6 21. Nh4
Qh7 22. Nf3 Nd7 23. Kg2 Nc5 24. h4 Qg6 25. Ng5 Re8 26. g4 hxg4 27. Qxg4 Nb4 28.
Re3 f5 29. exf5 exf5 30. Qe2 Bxg5 31. hxg5 Rxe3 32. Qxe3 Re8 33. Qh3 Ne6 34.
Qf3 Nc5 35. a3 Nc2 36. Qd5+ Qe6 37. Kf3 Ne1+ 38. Kf2 Qxd5 39. Rxd5 Ned3+ 40.
Kf3 Nxb2 41. Rxd6 Nxb3 42. Nd5 Nxc4 43. Rd7 Nc5 44. Rc7 Nd2+ 45. Kg2 Re2+ 46.
Kg1 Nd3 47. Ne7+ Kf8 48. Ng6+ Ke8 49. Rc8+ Kd7 50. Rh8 Nf3+ 51. Kh1 Kd6 52. a4
Kc5 53. Nf8 Nxf4 0-1

[Event "Festival INPS"]
[Site "Roma ITA"]
[Date "1996.??.??"]
[Round "5"]
[White "Scavo, Fernando"]
[Black "Verrascina, Nicola"]
[Result "1-0"]
[WhiteElo "2150"]
[BlackElo "2090"]
[PlyCount "79"]
[EventDate "1996.??.??"]

1. d4 c5 2. d5 f5 3. c4 Nf6 4. Nc3 g6 5. h4 d6 6. h5 Nxh5 7. Rxh5 gxh5 8. e4
Bg7 9. Qxh5+ Kf8 10. exf5 Qe8 11. Qh3 Nd7 12. Nf3 Nf6 13. g4 h6 14. Nh4 Kg8 15.
Bd3 a6 16. a4 b6 17. f3 Rb8 18. Qf1 Bd7 19. Qe2 Rh7 20. Ng6 Bf8 21. Bf4 Qf7 22.
Be4 Bg7 23. Bd3 Re8 24. Rd1 Bf8 25. Bc1 Rb8 26. Nf4 Bc8 27. Ne6 Rh8 28. Kd2 Bg7
29. Rg1 Bxe6 30. fxe6 Qe8 31. Kd1 Nh7 32. f4 Bxc3 33. bxc3 Qxa4+ 34. Bc2 Qe8
35. g5 hxg5 36. fxg5 Nf8 37. g6 b5 38. g7 Rh7 39. gxf8=Q+ Kxf8 40. Bxh7 1-0

[Event "Festival INPS"]
[Site "Roma ITA"]
[Date "1996.??.??"]
[Round "5"]
[White "Sciannamea, Valerio"]
[Black "Tocco, Paolo"]
[Result "0-1"]
[WhiteElo "1719"]
[BlackElo "2180"]
[PlyCount "132"]
[EventDate "1996.??.??"]

1. e4 e5 2. Nc3 Bb4 3. Nf3 Nc6 4. Nd5 Nf6 5. Nxb4 Nxb4 6. Nxe5 Qe7 7. d4 d6 8.
a3 dxe5 9. axb4 Qxb4+ 10. c3 Qe7 11. dxe5 Qxe5 12. f3 O-O 13. Qd4 Qe7 14. Be3
b6 15. Qd2 Rd8 16. Qf2 Bb7 17. Bc4 Re8 18. O-O a5 19. Rfd1 Red8 20. Qe2 h6 21.
Rxd8+ Rxd8 22. Rd1 Re8 23. Qd3 Ra8 24. Qd4 Bc6 25. Bf4 Re8 26. Ba2 Nh5 27. Be3
Nf6 28. Kh1 Bb7 29. c4 Bc6 30. c5 b5 31. Bg1 Nh5 32. Be3 Qh4 33. Bf2 Qe7 34.
Bd5 Bxd5 35. exd5 Nf6 36. d6 cxd6 37. cxd6 Qd7 38. Qa7 a4 39. Qd4 Nh7 40. Rc1
Rd8 41. Bg3 Nf8 42. Qh4 Rc8 43. Re1 Ng6 44. Qe4 Kf8 45. h4 Re8 46. Qb4 Rxe1+
47. Bxe1 Ne5 48. Bg3 Nc4 49. Qc5 f6 50. Qc7 Qxc7 51. dxc7 Nb6 52. Be1 Ke8 53.
Ba5 Nc8 54. Kh2 Kd7 55. Kg3 Nd6 56. Kf4 g6 57. g3 Ne8 58. h5 gxh5 59. Kf5 Nxc7
60. Kxf6 Nd5+ 61. Ke5 Kc6 62. Bd2 b4 63. Bc1 b3 64. f4 Nb4 65. Kd4 Na2 66. Bd2
a3 0-1

[Event "Festival INPS"]
[Site "Roma ITA"]
[Date "1996.??.??"]
[Round "5"]
[White "Siraco, Maurizio"]
[Black "Quinto, Gianni"]
[Result "0-1"]
[WhiteElo "1965"]
[BlackElo "2220"]
[PlyCount "104"]
[EventDate "1996.??.??"]

1. e4 e6 2. d4 d5 3. Nc3 Bb4 4. Nge2 dxe4 5. a3 Bxc3+ 6. Nxc3 Nc6 7. Bb5 Nge7
8. Bg5 f6 9. Be3 O-O 10. Qd2 Nd5 11. Bxc6 bxc6 12. Nxe4 f5 13. Bg5 Qe8 14. Nc5
e5 15. O-O-O h6 16. Bh4 Qh5 17. Bg3 f4 18. Rde1 fxg3 19. hxg3 Qf7 20. dxe5 Qxf2
21. Qxf2 Rxf2 22. e6 Kf8 23. Rhf1 Rxf1 24. Rxf1+ Nf6 25. a4 a5 26. c4 Ke7 27.
Rd1 Rb8 28. Kc2 Bxe6 29. Re1 Kd6 30. Nxe6 Re8 31. b4 axb4 32. a5 Nd7 33. a6 c5
34. a7 Nb6 35. Ra1 Rxe6 36. a8=Q Nxa8 37. Rxa8 Re2+ 38. Kb3 Rxg2 39. Rd8+ Kc6
40. Rd3 Rg1 41. Re3 Kb6 42. Re6+ c6 43. Rg6 h5 44. Rxg7 h4 45. g4 Rg3+ 46. Kb2
Rc3 47. g5 Rxc4 48. g6 Rg4 49. Rg8 c4 50. g7 Kc5 51. Rh8 Rxg7 52. Rh5+ Kb6 0-1

[Event "Festival INPS"]
[Site "Roma ITA"]
[Date "1996.??.??"]
[Round "5"]
[White "Togni, Giampiero"]
[Black "Vannelli, Vittorio"]
[Result "0-1"]
[WhiteElo "1710"]
[BlackElo "1633"]
[PlyCount "68"]
[EventDate "1996.??.??"]

1. Nf3 Nf6 2. c4 d6 3. d4 Nbd7 4. Nc3 e5 5. d5 Be7 6. e4 Nc5 7. Qc2 a5 8. Be2
O-O 9. h3 Ne8 10. g4 c6 11. Be3 cxd5 12. Nxd5 Ne6 13. Rd1 Bd7 14. Qd2 Bc6 15.
Bb6 Qd7 16. Nc3 Qc8 17. c5 Nf4 18. Bc4 Qb8 19. Qe3 Ng2+ 20. Ke2 Nxe3 21. fxe3
dxc5 22. Rhf1 Nf6 23. Ng5 h6 24. h4 hxg5 25. hxg5 Nxe4 26. Nxe4 Bxe4 27. Rd7
Bxg5 28. Rdxf7 Rxf7 29. Bxf7+ Kh8 30. Rf2 Qc8 31. Rh2+ Bh6 32. Rh4 Ra6 33. g5
Rxb6 34. b3 Qf5 0-1

[Event "Festival INPS"]
[Site "Roma ITA"]
[Date "1996.??.??"]
[Round "5"]
[White "Turturici, Pellegrino"]
[Black "Tosoni, Augusto"]
[Result "0-1"]
[WhiteElo "1716"]
[BlackElo "2008"]
[PlyCount "65"]
[EventDate "1996.??.??"]

1. e4 c5 2. Nf3 d6 3. d4 cxd4 4. Nxd4 Nf6 5. Nc3 g6 6. Be3 Bg7 7. f3 O-O 8. Qd2
Nc6 9. Bc4 Bd7 10. O-O-O Ne5 11. Bb3 Qa5 12. Bh6 Rfc8 13. Bxg7 Kxg7 14. h4 Rc5
15. h5 Nxh5 16. g4 Nf6 17. Qh6+ Kg8 18. Nd5 Rxd5 19. Bxd5 e6 20. Bb3 Rc8 21.
Kb1 Qc5 22. c3 a5 23. Rdg1 a4 24. Bc2 a3 25. Nf5 exf5 26. gxf5 Qb6 27. Bb3 Qf2
28. bxa3 Rxc3 29. Rxg6+ Nxg6 30. fxg6 Rxb3+ 31. axb3 fxg6 32. Qg5 Qxf3 33. Re1
$138 0-1

[Event "Festival INPS"]
[Site "Roma ITA"]
[Date "1996.??.??"]
[Round "6"]
[White "Bono, Leonardo"]
[Black "Siraco, Maurizio"]
[Result "0-1"]
[WhiteElo "1753"]
[BlackElo "1965"]
[PlyCount "60"]
[EventDate "1996.??.??"]

1. e4 e6 2. d4 d5 3. Nc3 Bb4 4. exd5 exd5 5. Bd3 Nf6 6. Nge2 O-O 7. O-O h6 8.
Ng3 Bg4 9. f3 Be6 10. Qe1 Re8 11. Qf2 c5 12. Nf5 c4 13. Nxh6+ Kf8 14. Bf5 gxh6
15. Bxh6+ Ke7 16. Rfe1 Kd7 17. Bg5 Bxf5 18. Qh4 Rxe1+ 19. Rxe1 Bxc3 20. bxc3
Nc6 21. Bxf6 Qg8 22. Qf4 Qg6 23. Bh4 Rc8 24. Rb1 b6 25. Rb5 Be6 26. Bg3 Qxc2
27. Qd6+ Ke8 28. h4 Qxc3 29. Be5 Qe1+ 30. Kh2 Qxh4+ 0-1